00285 a2200133 4500001000700000020001800007040001100025100002000036240002900056245002400085300000800109362000900117440002500126183417 a85-359-0310-0 cMagnum aBlock, Lawrence10aOs pecados dos paislpor10aOs pecados dos pais a1650 a2002 1aCompanhia das Letras